MARC details
| 000 -CABECERA |
| campo de control de longitud fija |
02441nam a2200301 i 4500 |
| 001 - NÚMERO DE CONTROL |
| campo de control |
000048070 |
| 003 - IDENTIFICADOR DEL NÚMERO DE CONTROL |
| campo de control |
DO-SdBNP |
| 005 - FECHA Y HORA DE LA ÚLTIMA TRANSACCIÓN |
| campo de control |
20250313153752.0 |
| 007 - CAMPO FIJO DE DESCRIPCIÓN FÍSICA--INFORMACIÓN GENERAL |
| campo de control de longitud fija |
ta |
| 008 - DATOS DE LONGITUD FIJA--INFORMACIÓN GENERAL |
| campo de control de longitud fija |
181113s2016 dr a 000 0 spa d |
| 020 ## - NÚMERO INTERNACIONAL ESTÁNDAR DEL LIBRO |
| Número Internacional Estándar del Libro |
9789945600568 |
| 040 ## - FUENTE DE LA CATALOGACIÓN |
| Centro catalogador/agencia de origen |
DO-SdBNP |
| Lengua de catalogación |
spa |
| Centro/agencia transcriptor |
BNPHU |
| Normas de descripción |
rda |
| 082 #4 - NÚMERO DE LA CLASIFICACIÓN DECIMAL DEWEY |
| Número de clasificación |
xxx |
| Número de documento/Ítem |
B451d |
| Número de edición |
22 |
| 100 1# - ENTRADA PRINCIPAL--NOMBRE DE PERSONA |
| Nombre de persona |
Belmar, Álvaro, |
| Término indicativo de función/relación |
autor |
| Código de función/relación |
aut. |
| 9 (RLIN) |
75575 |
| 245 13 - MENCIÓN DE TÍTULO |
| Título |
La digitalización : |
| Resto del título |
evolución de la documentación / |
| Mención de responsabilidad, etc. |
Álvaro Belmar. |
| 250 ## - MENCIÓN DE EDICIÓN |
| Mención de edición |
primera edición |
| 264 #1 - PRODUCCIÓN, PUBLICACIÓN, DISTRIBUCIÓN, FABRICACIÓN Y COPYRIGHT |
| Producción, publicación, distribución, fabricación y copyright |
Santo Domingo : |
| Nombre del de productor, editor, distribuidor, fabricante |
Búho, |
| Fecha de producción, publicación, distribución, fabricación o copyright |
2016. |
| 300 ## - DESCRIPCIÓN FÍSICA |
| Extensión |
viii, 274 páginas : |
| Otras características físicas |
ilustraciones ; |
| Dimensiones |
23 cm. |
| 336 ## - TIPO DE CONTENIDO |
| Término de tipo de contenido |
texto |
| Código de tipo de contenido |
txt |
| Fuente |
rdacontent |
| 337 ## - TIPO DE MEDIO |
| Nombre/término del tipo de medio |
sin mediación |
| Código del tipo de medio |
nc |
| Fuente |
rdamedia |
| 338 ## - TIPO DE SOPORTE |
| Nombre/término del tipo de soporte |
volumen |
| Código del tipo de soporte |
n |
| Fuente |
rdacarrier |
| 500 ## - NOTA GENERAL |
| Nota general |
Incluye datos biográficos del autor en la solapa de la cubierta. |
| 500 ## - NOTA GENERAL |
| Nota general |
Incluye referencias bibliográficas y notas al pie de las páginas. |
| 505 0# - NOTA DE CONTENIDO CON FORMATO |
| Nota de contenido con formato |
Primera parte -- Antecedentes -- Impacto de la digitalización -- Historia de la documentación -- Etapas de evolución del registro documental -- Segunda parte -- Los inicios -- Arte rupestre -- Registro líticos -- La alfarería y la cerámica -- Estructuras -- La percepción y el registro del tiempo -- Edad de los metales -- La rueda, -- El dinero -- Nacimiento de la escritura y el registro de las ciencias y las religiones -- Mesopotamia -- Egipto, -- China -- Valle del Indo -- Algo más sobre la escritura y las antiguas lenguas -- Otros grandes escritos -- Precursores de la telecomunicación -- Los primeros centros de documentación y de alto estudios -- Del papel a la imprenta -- Mapas y cartografía -- Tercera parte -- Magnetismo -- Almacenamiento magnético de datos -- Uniformicemos conceptos -- ¿Qué entendemos por digitalización? -- ¿Es lo mismo digitar que digitalizar? -- Breve historia del sistema binario -- Mundo de códigos y formatos -- El código en la programación de computadores -- Formatos de almacenamiento -- ¿Qué es una versión? -- Datos versus información -- Gráfico versus imagen -- Archivo de datos versus base de datos -- Almacenamiento y representación de imágenes -- --Formatos de almacenamientos digitales comunes -- Un mercado dinámico -- Códigos de barras -- Inicios de la digitalización -- La digitalización de documentos -- Escáner de documentos físicos -- Otros escáneres -- A modo de conclusión. |
| 590 ## - NOTA LOCAL (RLIN) |
| Nota local |
Inventariado, 2018/LP |
| 910 ## - DATOS DE OPCIÓN DEL USUARIO (OCLC) |
| Datos de opción del usuario |
Btavárez |
| 942 ## - ELEMENTOS DE PUNTO DE ACCESO ADICIONAL (KOHA) |
| Fuente del sistema de clasificación o colocación |
Dewey Decimal Classification |
| Tipo de ítem Koha |
Libro |